000 00471nam a2200181Ia 4500
005 20250508153145.0
008 008 250505s9999 xx 000 0 eng d
037 _aTextual
040 _aFEDL
_beng
_cFEDL
041 _aeng
_2eng
084 _aB, DIC
_qFEDL
100 _aCollins Philip
245 0 _aDickens and crime
260 _aLondon, UK
_bMacmillan and Co Ltd
_c1962
300 _axiii,371p.
942 _cTEXL
_hB, DIC
999 _c1340938
_d1340938